Statistics for Band Albums

Click here to take the quiz!

General Stats

  • This quiz has been taken 20 times
  • The average score is 13 of 17

Answer Stats

Album Band % Correct
Hotel CaliforniaThe Eagles
100%
Dark Side of the MoonPink Floyd
100%
Appetite for DestructionGuns N' Roses
95%
NevermindNirvana
95%
A Night at the OperaQueen
95%
Back in BlackAC/DC
95%
RevolverThe Beatles
95%
London CallingThe Clash
90%
Who's NextThe Who
85%
American IdiotGreen Day
80%
Master Of PuppetsMetallica
80%
ParanoidBlack Sabbath
75%
TenPearl Jam
70%
OK ComputerRadiohead
70%
ParachutesColdplay
50%
Hybrid TheoryLinkin Park
35%
Unknown PleasuresJoy Division
25%

Score Distribution

Percentile by Number Answered

Percent of People with Each Score

Your Score History

You have not taken this quiz